000 00423nam a2200181Ia 4500
001 10189
005 20260306161813.0
008 260306t1994||||xx |||||||||||||| ||spa||
041 _aESP
082 _a900
_bV61
100 _aUniversidad de Lima
_eAUT
245 0 _aColoquio internacional las crisis en la historia
260 _c1994
300 _a
_c
650 _aGEN
654 _aCHU
942 _cLIB
_dJUS
_fJUS
_2ddc
_n
999 _c10189
_d10189